Pobreza e inequidad: obstáculos para el desarrollo socio-económico Centroamericano /
Pobreza e inequidad son usualmente consideradas consecuencias. Este artículo las prioriza como causas limitantes del desarrollo socio-económico en Centroamérica, así como también lo son la insuficiente inversión en capitales humano y social. El análisis se concentra en tres grupos de obstáculos: los...
Uloženo v:
| Hlavní autor: | |
|---|---|
| Médium: | Text |
| Témata: | |
| Tagy: |
Přidat tag
Žádné tagy, Buďte první, kdo vytvoří štítek k tomuto záznamu!
|
MARC
| LEADER | 00000 a a2200000 04500 | ||
|---|---|---|---|
| 001 | 4466 | ||
| 003 | |||
| 040 | |||
| 100 | |a Sermeño Lima, José Arnoldo | ||
| 245 | |a Pobreza e inequidad: |b obstáculos para el desarrollo socio-económico Centroamericano / |c José Arnoldo Sermeño Lima | ||
| 520 | |a Pobreza e inequidad son usualmente consideradas consecuencias. Este artículo las prioriza como causas limitantes del desarrollo socio-económico en Centroamérica, así como también lo son la insuficiente inversión en capitales humano y social. El análisis se concentra en tres grupos de obstáculos: los que afectan la productividad/competidad . los que limitan al ahorro y los que ejercen efectos restrictivos sobre la inversión | ||
| 650 | |a POBREZA | ||
| 650 | |a AMERICA CENTRAL | ||
| 650 | |a INGRESO | ||
| 650 | |a REMESAS | ||
| 650 | |a PRODUCTO INTERNO BRUTO | ||
| 650 | |a GOBERNABILIDAD | ||
| 773 | |g número 6; páginas 53-76 | ||
| 999 | |c 26063 |d 26063 | ||
| 773 | 0 | |0 18723 |9 2722 |a Universidad Centroamericana José Simeón Cañas (UCA) |d San Salvador, El Salvador Universidad Centroamericana José Simeón |o 03494 |t ECA: | |
